Analysis
-д хадгалсан:
| Үндсэн зохиолч: | |
|---|---|
| Формат: | Ном |
| Хэл сонгох: | англи |
| Хэвлэсэн: |
Reading
Addison-Wesley
1968
|
| Цуврал: | Addison-Wesley Series in Mathematics
|
| Нөхцлүүд: | |
| Шошгууд: |
Шошго нэмэх
Шошго байхгүй, Энэхүү баримтыг шошголох эхний хүн болох!
|
MARC
| LEADER | 00000cam a2200000 a 4500 | ||
|---|---|---|---|
| 001 | UCW0660 | ||
| 003 | CL-VaPUC | ||
| 005 | 20231128171143.0 | ||
| 008 | 880704e19680000US |||||||||||||||||eng|d | ||
| 999 | |c 215735 |d 215733 | ||
| 040 | |c Pontificia Universidad Católica de Valparaíso | ||
| 082 | 0 | 4 | |a 515 |b LAN |2 21 |
| 100 | |a Lang, Serge |9 719911 | ||
| 245 | 1 | 0 | |a Analysis |
| 260 | |a Reading |b Addison-Wesley |c 1968 | ||
| 300 | |a v | ||
| 490 | 0 | |a Addison-Wesley Series in Mathematics | |
| 583 | |a last modification |c 20140410 11:36:40 |k Rodrigo Vera | ||
| 650 | 0 | |a Análisis matemático |9 260146 | |
| 942 | |c BK |2 ddc | ||
| 945 | |d 19880704 00:00:00 | ||
| 952 | |0 0 |1 0 |4 0 |6 515_000000000000000_LAN_1968 |7 0 |8 A |9 200529 |a BIBMAT |b BIBMAT |d 2019-11-14 |h v.1 |i 2677741 |l 1 |m 2 |o 515 LAN 1968 |p 2677741 |r 2025-01-07 |s 2024-09-13 |w 2019-11-14 |y BK |k MAT | ||
| 952 | |0 0 |1 0 |4 0 |6 515_000000000000000_LAN_1968 |7 0 |8 A |9 200530 |a BIBMAT |b BIBMAT |d 2019-11-14 |h v.1 |i 2504332 |o 515 LAN 1968 |p 2504332 |r 2025-01-07 |w 2019-11-14 |y BK |k MAT | ||
| 952 | |0 0 |1 0 |4 0 |6 515_000000000000000_LAN_1968 |7 0 |8 A |9 200531 |a BIBMAT |b BIBMAT |d 2019-11-14 |h v.1 |i 2504820 |o 515 LAN 1968 |p 2504820 |r 2025-01-07 |w 2019-11-14 |y BK |k MAT | ||
| 952 | |0 0 |1 0 |4 0 |6 515_000000000000000_LAN_1968 |7 0 |8 A |9 200532 |a BIBMAT |b BIBMAT |d 2019-11-14 |h v.1 |i 250510K |o 515 LAN 1968 |p 250510K |r 2025-01-07 |w 2019-11-14 |y BK |k MAT | ||
| 952 | |0 0 |1 0 |4 0 |6 515_000000000000000_LAN_1968 |7 0 |8 A |9 200533 |a BIBMAT |b BIBMAT |d 2019-11-14 |h v.2 |i 267775K |o 515 LAN 1968 |p 267775K |r 2025-01-07 |w 2019-11-14 |y BK |k MAT | ||
| 952 | |0 0 |1 0 |4 0 |6 515_000000000000000_LAN_1968 |7 0 |8 A |9 200534 |a BIBMAT |b BIBMAT |d 2019-11-14 |h v.2 |i 1309994 |o 515 LAN 1968 |p 1309994 |r 2025-01-07 |w 2019-11-14 |y BK |k MAT | ||
| 952 | |0 0 |1 0 |4 0 |6 515_000000000000000_LAN_1968 |7 0 |8 A |9 200535 |a BIBMAT |b BIBMAT |d 2019-11-14 |h v.2 |i 1309943 |o 515 LAN 1968 |p 1309943 |r 2025-01-07 |w 2019-11-14 |y BK |k MAT | ||
| 952 | |0 0 |1 0 |4 0 |6 515_000000000000000_LAN_1968 |7 0 |8 A |9 200536 |a BIBMAT |b BIBMAT |d 2019-11-14 |h v.2 |i 1309315 |o 515 LAN 1968 |p 1309315 |r 2025-01-07 |w 2019-11-14 |y BK |k MAT | ||
| 952 | |0 0 |1 0 |4 0 |6 515_000000000000000_LAN_1968 |7 0 |8 A |9 200537 |a BIBMAT |b BIBMAT |d 2019-11-14 |i 3505979 |o 515 LAN 1968 |p 3505979 |r 2025-01-07 |w 2019-11-14 |y BK |k MAT | ||
| 952 | |0 0 |1 0 |4 0 |6 515_000000000000000_LAN_1968 |7 0 |8 A |9 200538 |a BIBMAT |b BIBMAT |d 2019-11-14 |h v.1 |i 4207750 |o 515 LAN 1968 |p 4207750 |r 2025-01-07 |w 2019-11-14 |y BK |k MAT | ||
| 952 | |0 0 |1 0 |4 0 |6 515_000000000000000_LAN_1968 |7 0 |8 A |9 200539 |a BIBMAT |b BIBMAT |d 2019-11-14 |h v.2 |i 4207769 |o 515 LAN 1968 |p 4207769 |r 2025-01-07 |w 2019-11-14 |y BK |k MAT | ||
| 952 | |0 0 |1 0 |4 0 |6 515_000000000000000_LAN_1968 |7 0 |8 A |9 200541 |a BIBMAT |b BIBMAT |d 2019-11-14 |h v.2 |i 4918460 |o 515 LAN 1968 |p 4918460 |r 2025-01-07 |w 2019-11-14 |y BK |k MAT | ||